01531nam a2200337 a 4500001001200000003000800012006001900020007001500039008004100054010001700095020002900112020002700141040002100168035002100189050002300210082001800233245013300251260003500384300002300419504005100442520026000493533015200753650002100905650002100926655002900947700002600976700003101002710001701033856012601050999001701176ebr10621307CaPaEBRm u cr cn|||||||||120531s2013 njuad sb 001 0 eng d z 2012020575 z9780470074701 (hardback) z9781118437629 (e-book) aCaPaEBRcCaPaEBR a(OCoLC)79797006714aQD541b.I56 2013eb04a541/.372322300aIonic liquids uncoiledh[electronic resource] :bcritical expert overviews /cedited by Natalia V. Plechkova, Kenneth R. Seddon. aHoboken, N.J. :bWiley,c2013. axx, 413 p. :bill. aIncludes bibliographical references and index. a"The book presents articles on topics at the forefront of ionic liquids research range from applied to theoretical, from synthetic to analytical, from biotechnology to electrochemistry, from process engineering to nanotechnology"--cProvided by publisher. aElectronic reproduction.bPalo Alto, Calif. :cebrary,d2011.nAvailable via World Wide Web.nAccess may be limited to ebrary affiliated libraries. 0aIonic solutions. 0aIonic structure. 7aElectronic books.2local1 aPlechkova, Natalia V.1 aSeddon, Kenneth R.,d1950-2 aebrary, Inc.40uhttp://site.ebrary.com/lib/rucke/Doc?id=10621307zAn electronic book accessible through the World Wide Web; click to view c56803d56803